| 000 | 00986nac a22003377a 4500 | ||
|---|---|---|---|
| 001 | BR8106144 | ||
| 003 | BR-BrBNA | ||
| 005 | 20240105115100.0 | ||
| 008 | 230509b bl.|||m| |||| 00| 0 por d | ||
| 040 |
_aBR-BrBNA _bpor _cBiblioteca Nacional de Agricultura |
||
| 072 | _aF00; E15 | ||
| 090 | _a0930 BR8106144 | ||
| 100 | 1 | _aPereira, F.M. | |
| 110 | 1 |
_aFaculdade de Ciencias Agrarias e Veterinarias Campus de Jaboticabal, SP (Brasil) _94478 |
|
| 245 | 1 | _aCultura da figueira [Ficus carica, Sao Paulo, Brasil] | |
| 260 | 3 |
_aPiracicaba, SP (Brasil): _c1981. |
|
| 300 | _a73 p. | ||
| 490 |
_aSerie Fruticultura. Boletim (Brazil) _vno. 2 _x |
||
| 500 | _a8 tables; 45 ref. | ||
| 650 | _aFIGO | ||
| 650 | _aPRATICA CULTURAL | ||
| 650 | _aSOLO | ||
| 650 | _aCLIMA | ||
| 650 | _aVARIEDADE | ||
| 650 | _aRENDIMENTO | ||
| 650 | _aPRECO MEDIO | ||
| 650 | _aPOLINIZACAO | ||
| 650 | _aSAO PAULO | ||
| 909 |
_a202312 _bLúcia Elande _c55 _dLúcia Elande |
||
| 942 |
_2AGRIS _n0 _cMS |
||
| 999 |
_c272945 _d272945 |
||